| 000 | 00917nam a22002057a 4500 | ||
|---|---|---|---|
| 005 | 20250923083334.0 | ||
| 008 | 250905b |||||||| |||| 00| 0 eng d | ||
| 020 | _a9781440876455 | ||
| 082 | _aDC 027.8222021873 K248 2024 | ||
| 100 |
_aKeeling, Joyce. _967298 |
||
| 245 |
_aNew standards-based lessons for the busy elementary school librarian / _cJoyce Keeling. |
||
| 260 |
_aNew York : _bBloomsbury Libraries Unlimited, _c©2024. |
||
| 300 |
_axi, 220 pages : _billustrations ; _c29 cm. |
||
| 500 | _aIncludes bibliography and index. | ||
| 650 | 0 |
_aElementary school libraries _xStandards _zUnited States. _968060 |
|
| 650 | 0 |
_aInformation literacy _vStudy and teaching (Elementary)--United States _zUnited States. _968061 |
|
| 650 | 0 |
_aScience _vStudy and teaching (Elementary) _zUnited States. _968062 |
|
| 650 | 0 |
_aSchool librarian participation in curriculum planning _zUnited States. _968063 |
|
| 942 |
_2ddc _cDC |
||
| 999 |
_c23692 _d23692 |
||